Pamätník desaťročného jestvovania Osady ssv. Cyrilla a Methoda

Bibliographic Details
Format: Book
Language:Slovak
PhysicalDescription:84 nečíslovaných strán fotografie, portréty 15 x 24 cm
Published: Coaldale [vydavateľ nie je známy] [1930]
Subjects:

MARC

LEADER 00000cam a2200000 4500
001 vtls011744616
003 SK-MaSNL
005 20260301182905.0
008 180305q1930 xxuoc gr 000 0 slo
015 |a SNBA1930/03 
020 |q (brožované) 
040 |a SNK  |b slo  |c SNK  |e rda 
041 0 |a slo 
043 |a n-us-pa 
044 |a xxu  |c US 
072 7 |a 27-78  |x Kresťanské združenia, spolky a organizácie. Rehoľné rády  |2 konspekt 
080 |a 323.15  |2 2011 
080 |a 27-784  |2 2011 
080 |a (=162.4)  |2 2011 
080 |a (734.8)  |2 2011 
080 |a (082.2)  |2 2011 
080 |a (093.3)  |2 2001 
245 0 0 |a Pamätník desaťročného jestvovania Osady ssv. Cyrilla a Methoda 
264 1 |a Coaldale  |b [vydavateľ nie je známy]  |c [1930] 
300 |a 84 nečíslovaných strán  |b fotografie, portréty  |c 15 x 24 cm 
336 |a text  |b txt  |2 rdacontent 
337 |a bez média  |b n  |2 rdamedia 
338 |a zväzok  |b nc  |2 rdacarrier 
500 |a Obsahuje reklamy 
610 2 7 |a Pennsylvánska slovenská katolícka jednota  |2 SNKKA  |9 34484 
610 2 7 |a Osada sv. Cyrila a Metoda (Coaldale, Pa.)  |2 SNKKA  |9 253287 
648 7 |a 1920-1930  |2 SNKPH  |9 395700 
650 0 7 |a Slováci v zahraničí  |2 SNKPH  |9 14695 
650 0 7 |a kresťanské spolky  |2 SNKPH  |9 92841 
650 0 7 |a Slovaks in foreign  |2 SNKPHeng  |9 265147 
650 0 7 |a Christian associations  |2 SNKPHeng  |9 363003 
651 7 |a Pensylvánia  |2 SNKPHgeo  |9 87027 
651 7 |a Pennsylvania  |2 SNKPHeng  |9 361153 
655 7 |a jubilejné publikácie  |2 SNKPH  |9 70339 
655 7 |a Jubilee books  |2 SNKPHeng  |9 281827 
655 7 |a pamätníky (knihy)  |2 SNKPH  |9 249900 
655 7 |a Autograph albums  |2 SNKPHeng  |9 301877 
752 |a Pensylvánia  |d Coaldale 
852 |a Slovenská národná knižnica 
954 |a odborná, vedecká literatúra pôvodná (slovenská)  |2 lita 
954 |a duchovná literatúra pôvodná (slovenská)  |2 lita 
958 |a RK 
958 |a TL 
958 |a NT 
958 |a ONDV 
958 |a ZS 
999 |c 855154  |d 857084 
952 |a SNK  |b SNK  |y PREZ  |7 0  |p 17A0727523  |o snkSC 1929/6  |i snk263/37  |0 0  |1 0  |4 0  |d 2018-03-05  |l 0  |r 2025-06-11 00:00:00  |w 2026-02-24